| 000 | 00492nam a2200169Ia 4500 | ||
|---|---|---|---|
| 999 |
_c16020 _d16020 |
||
| 003 | OSt | ||
| 005 | 20200606115844.0 | ||
| 008 | 190216s9999||||xx |||||||||||||| ||und|| | ||
| 040 | _cMESKC library | ||
| 082 |
_a891.438 _bPAN/M |
||
| 100 |
_aPandey, Bhagwan Dev _9366 |
||
| 245 | 0 |
_aManas Sukti Sudha / _cBhagwan Dev Pandey |
|
| 260 |
_bAnuragh Prakashan, _aVaranassi: _c2000. |
||
| 300 | _a102p | ||
| 650 | _aHindi | ||
| 942 |
_cBK _2ddc _h891.438 _iPAN/M _k891.438 _mPAN/M |
||